[Event "Catalunya-ch U50"]
[Site "Santa Susanna"]
[Date "2022.05.19"]
[Round "5"]
[White "Palacin Martin, Ricardo"]
[Black "Rafols Albet, Josep"]
[Result "1/2-1/2"]
[WhiteElo "1971"]
[BlackElo "1975"]
[PlyCount "82"]
[EventDate "2022.05.15"]
[EventType "swiss"]
[EventRounds "8"]
[EventCountry "CAT"]
[SourceTitle "EXT 2023"]
[Source "ChessBase"]
[SourceDate "2022.10.05"]
[SourceVersion "1"]
[SourceVersionDate "2022.10.05"]
[SourceQuality "1"]

1. d4 d5 2. c4 e6 3. Nc3 Nf6 4. Nf3 Be7 5. Bg5 c6 6. e3 Nbd7 7. h3 a6 8. c5 Nh5 9. Bxe7 Qxe7 10. Be2 Nhf6 11. 0-0 e5 12. dxe5 Nxe5 13. Qd4 Ng6 14. Bd3 0-0 15. Rfe1 Be6 16. Na4 Rad8 17. b4 Nd7 18. Nb6 Kh8 19. a4 f6 20. Nxd7 Bxd7 21. Bxg6 hxg6 22. e4 Qf7 23. exd5 cxd5 24. Qh4+ Kg8 25. Nd4 Rfe8 26. b5 g5 27. Qg3 Re4 28. Rad1 axb5 29. axb5 Qe8 30. Re3 Rxe3 31. Qxe3 Bxb5 32. Nxb5 Qxb5 33. Qe6+ Kf8 34. Rxd5 Rxd5 35. Qxd5 Qc6 36. Qd4 Ke7 37. f3 Ke6 38. Kf2 Qd5 39. Qe4+ Qe5 40. g3 f5 41. Qc4+ Qd5 1/2-1/2

[Event "Vilafranca del Penedes op 10th"]
[Site "Vilafranca del Penedes"]
[Date "2016.05.20"]
[Round "8.2"]
[White "Rafols Albet, Josep"]
[Black "Garcia Miracle, Joan Josep"]
[Result "0-1"]
[WhiteElo "2156"]
[BlackElo "2190"]
[PlyCount "94"]
[EventDate "2016.04.01"]
[EventType "swiss"]
[EventRounds "8"]
[EventCountry "ESP"]
[SourceTitle "EXT 2024"]
[Source "ChessBase"]
[SourceDate "2023.10.10"]
[SourceVersion "1"]
[SourceVersionDate "2023.10.10"]
[SourceQuality "1"]

1. b3 d5 2. Bb2 Bg4 3. f3 Bf5 4. e3 e6 5. f4 Nf6 6. Nf3 Be7 7. Be2 c5 8. Bb5+ Nbd7 9. Ne5 a6 10. Bxd7+ Nxd7 11. Nxd7 Qxd7 12. d3 0-0 13. Nd2 Bg6 14. Nf3 f6 15. 0-0 Rac8 16. Nh4 Bf7 17. Qe2 c4 18. Rad1 cxd3 19. cxd3 Rc6 20. Rc1 Rfc8 21. h3 Rxc1 22. Rxc1 Rxc1+ 23. Bxc1 Qc7 24. Bb2 Bc5 25. Kh2 d4 26. g3 dxe3 27. d4 Bb4 28. Nf3 Be8 29. Kg2 Bb5 30. Qxe3 Qc2+ 31. Qf2 Be2 32. Ng1 Qe4+ 33. Kh2 Bb5 34. Qg2 Qb1 35. a3 Be7 36. Qd2 Bc6 37. Qe2 Bd5 38. b4 b5 39. Bc3 Bd6 40. Be1 Qb3 41. f5 exf5 42. Qe8+ Bf8 43. g4 Qd3 44. gxf5 Qf1 45. Qe2 Bd6+ 46. Bg3 Bxg3+ 47. Kxg3 Qxg1+ 0-1

[Event "Vilafranca del Penedes op 6th"]
[Site "Vilafranca del Penedes"]
[Date "2012.06.01"]
[Round "8"]
[White "Rafols Albet, Josep"]
[Black "Romeu de la Cruz, Josep"]
[Result "1-0"]
[WhiteElo "2087"]
[BlackElo "1895"]
[PlyCount "97"]
[EventDate "2012.04.13"]
[EventType "swiss"]
[EventRounds "8"]
[EventCountry "ESP"]
[SourceTitle "CBM 148 Extra"]
[Source "ChessBase"]
[SourceDate "2012.06.22"]
[SourceVersion "1"]
[SourceVersionDate "2012.06.22"]
[SourceQuality "1"]

1. b3 Nf6 2. Bb2 g6 3. e3 Bg7 4. Nf3 0-0 5. d4 d6 6. Be2 Nbd7 7. Nbd2 c5 8. 0-0 a6 9. c4 b6 10. Qc2 Re8 11. Ng5 Nf8 12. f4 h6 13. Bf3 Ra7 14. Nh3 Bxh3 15. gxh3 Qc8 16. Bg2 e6 17. Rad1 Rc7 18. dxc5 dxc5 19. Bxf6 Bxf6 20. Ne4 Be7 21. Nd6 Bxd6 22. Rxd6 b5 23. Rfd1 Rd7 24. Rxd7 Nxd7 25. cxb5 axb5 26. Qd3 Nf6 27. Qxb5 Nd5 28. Qd3 Qb8 29. Kf2 Nb4 30. Qd2 e5 31. a3 exf4 32. exf4 Na6 33. Bd5 Nc7 34. Bc4 Nb5 35. Kg1 Nd4 36. Qg2 Kg7 37. Rf1 Nf5 38. Qd5 Qa7 39. Rf3 Re7 40. a4 Ne3 41. Qd3 Nxc4 42. Qxc4 Rb7 43. f5 Rb4 44. Qc3+ Kh7 45. Qf6 c4+ 46. Kf1 Rxb3 47. fxg6+ Kg8 48. gxf7+ Kf8 49. Qd8+ 1-0

[Event "Vilafranca del Penedes op 5th"]
[Site "Vilafranca del Penedes"]
[Date "2011.04.29"]
[Round "3.1"]
[White "Rafols Albet, Josep"]
[Black "Rojas Keim, Luis Alberto"]
[Result "0-1"]
[WhiteElo "2032"]
[BlackElo "2432"]
[PlyCount "74"]
[EventDate "2011.04.08"]
[EventType "swiss"]
[EventRounds "8"]
[EventCountry "ESP"]
[SourceTitle "EXT 2024"]
[Source "ChessBase"]
[SourceDate "2023.10.10"]
[SourceVersion "1"]
[SourceVersionDate "2023.10.10"]
[SourceQuality "1"]

1. b3 e5 2. Bb2 Nc6 3. e3 Nf6 4. Bb5 Bd6 5. Nh3 a6 6. Be2 Qe7 7. 0-0 b6 8. f4 Bb7 9. c4 0-0-0 10. Nc3 Ba3 11. Bxa3 Qxa3 12. fxe5 Nxe5 13. d4 Ng6 14. c5 bxc5 15. Ng5 Qa5 16. Qd2 cxd4 17. exd4 Rde8 18. Bf3 Bxf3 19. Rxf3 h6 20. Nxf7 Rhf8 21. b4 Qxb4 22. Qd3 Rxf7 23. Rb1 Qd6 24. Nd5 Nxd5 25. Rxf7 Ngf4 26. Qf5 Ne2+ 27. Kh1 Nxd4 28. Qh5 Qe6 29. Rff1 Nf6 30. Qc5 Nc6 31. Qc2 Ng4 32. Qb2 Qe5 33. Qb7+ Kd8 34. Qa8+ Ke7 35. Qxe8+ Kxe8 36. Rbe1 Nf2+ 37. Kg1 Ne4 0-1

[Event "Sabadell-B 5th"]
[Site "Sabadell"]
[Date "2011.04.01"]
[Round "9"]
[White "Fernandez Aguilar, Francisco"]
[Black "Rafols Albet, Josep"]
[Result "1/2-1/2"]
[WhiteElo "1924"]
[BlackElo "2032"]
[PlyCount "37"]
[EventDate "2011.02.04"]
[EventType "tourn"]
[EventRounds "9"]
[EventCountry "ESP"]
[SourceTitle "CBM 141 Extra"]
[Source "ChessBase"]
[SourceDate "2011.05.03"]
[SourceVersion "1"]
[SourceVersionDate "2011.05.03"]
[SourceQuality "1"]

1. e4 e5 2. Nf3 Nf6 3. Nc3 Bb4 4. Bc4 d6 5. d3 Be6 6. Bb3 0-0 7. 0-0 Nc6 8. Bg5 h6 9. Bh4 g5 10. Nxg5 hxg5 11. Bxg5 Kg7 12. f4 Bc5+ 13. Kh1 Rh8 14. Bxe6 fxe6 15. fxe5 Rxh2+ 16. Kxh2 Qh8+ 17. Kg3 Nh5+ 18. Kh4 Nf6+ 19. Kg3 1/2-1/2

[Event "Sabadell-B 5th"]
[Site "Sabadell"]
[Date "2011.02.25"]
[Round "4"]
[White "Rafols Albet, Josep"]
[Black "Dickl, Errol"]
[Result "0-1"]
[WhiteElo "2032"]
[BlackElo "2161"]
[PlyCount "106"]
[EventDate "2011.02.04"]
[EventType "tourn"]
[EventRounds "9"]
[EventCountry "ESP"]
[SourceTitle "CBM 141 Extra"]
[Source "ChessBase"]
[SourceDate "2011.05.03"]
[SourceVersion "1"]
[SourceVersionDate "2011.05.03"]
[SourceQuality "1"]

1. b3 e5 2. Bb2 d6 3. e3 Ne7 4. Nf3 Ng6 5. Be2 Be7 6. 0-0 0-0 7. Nc3 c6 8. d4 Qc7 9. d5 f5 10. a4 a5 11. Qd2 c5 12. Rad1 Bf6 13. Nb5 Qd8 14. Qc1 Na6 15. Nd2 Nc7 16. Nc3 b6 17. Nc4 Rb8 18. Na3 e4 19. Kh1 Qe7 20. Ncb5 Ne5 21. Nxc7 Qxc7 22. f4 exf3 23. gxf3 Qe7 24. Rg1 Bd7 25. Rg2 Ng6 26. Nc4 Bxb2 27. Qxb2 b5 28. Nxa5 bxa4 29. Nc6 Bxc6 30. dxc6 Qc7 31. Qc3 axb3 32. cxb3 Qxc6 33. Bc4+ Kh8 34. Bd5 Qe8 35. h4 f4 36. Be4 Rf6 37. Rdg1 Qe6 38. Rh2 d5 39. h5 dxe4 40. hxg6 Rxg6 41. Rxg6 Qxg6 42. exf4 exf3 43. Rf2 Qh6+ 44. Kg1 Qxf4 45. Rxf3 Qd4+ 46. Kg2 Qxc3 47. Rxc3 h6 48. Rxc5 Rxb3 49. Rc6 Kh7 50. Ra6 h5 51. Kh2 g6 52. Ra4 Kh6 53. Ra6 h4 0-1

[Event "Mollet del Valles A"]
[Site "Mollet del Valles"]
[Date "2009.11.20"]
[Round "8.5"]
[White "Rafols Albet, Josep"]
[Black "Ruiz Planas, Adelito"]
[Result "1-0"]
[WhiteElo "2075"]
[BlackElo "1862"]
[PlyCount "67"]
[EventDate "2009.10.02"]
[EventType "swiss"]
[EventRounds "9"]
[EventCountry "ESP"]
[SourceTitle "EXT 2024"]
[Source "ChessBase"]
[SourceDate "2023.10.10"]
[SourceVersion "1"]
[SourceVersionDate "2023.10.10"]
[SourceQuality "1"]

1. b3 e5 2. Bb2 d6 3. e3 Nf6 4. Nf3 Be7 5. Nc3 Bg4 6. h3 Bxf3 7. gxf3 c6 8. Rg1 Rg8 9. d4 Nbd7 10. Qd2 Qa5 11. 0-0-0 exd4 12. Qxd4 d5 13. Na4 b5 14. Bc3 Ba3+ 15. Kb1 Qc7 16. Nb2 a5 17. Nd3 c5 18. Qf4 Qc6 19. Ne5 Nxe5 20. Qxe5+ Kd7 21. e4 d4 22. Bxd4 Kc8 23. Qf5+ Kb7 24. Bxb5 Qe6 25. Qxe6 fxe6 26. Bb2 Bxb2 27. Kxb2 Kc7 28. Rg5 Kb6 29. a4 Ne8 30. Re5 Nc7 31. Rd6+ Ka7 32. Be2 Rad8 33. Rc6 Rd2 34. Bc4 1-0

[Event "Barcelona Sants op 11th"]
[Site "Barcelona"]
[Date "2009.07.19"]
[Round "7"]
[White "Rafols Albet, Josep"]
[Black "Ventura Bolet, Maxim"]
[Result "0-1"]
[WhiteElo "2105"]
[BlackElo "1829"]
[PlyCount "126"]
[EventDate "2009.07.13"]
[EventType "swiss"]
[EventRounds "9"]
[EventCountry "ESP"]
[SourceTitle "CBM 131 Extra"]
[Source "ChessBase"]
[SourceDate "2009.09.03"]
[SourceVersion "2"]
[SourceVersionDate "2009.09.16"]
[SourceQuality "1"]

1. b3 e5 2. Bb2 Nc6 3. e3 d6 4. Bb5 Bd7 5. Ne2 a6 6. Bd3 g6 7. 0-0 Bg7 8. f4 Nge7 9. e4 Nb4 10. Nbc3 Nxd3 11. cxd3 0-0 12. Ng3 exf4 13. Rxf4 Nc6 14. Rb1 Nb4 15. Qe2 Be5 16. Rff1 Qg5 17. Nd1 Bg4 18. Qe3 Qxe3+ 19. Nxe3 Bxb2 20. Rxb2 Bd7 21. d4 Bb5 22. Rf3 a5 23. Ng4 Nc6 24. Rc3 Nxd4 25. Rxc7 Bc6 26. d3 h5 27. Nf6+ Kg7 28. Rf2 a4 29. b4 a3 30. Nd5 Ra4 31. Nb6 Rxb4 32. Nc4 Nb5 33. Re7 Rb1+ 34. Nf1 Rd1 35. e5 Rxd3 36. exd6 Nxd6 37. Rd2 Rxd2 38. Nfxd2 Nxc4 39. Nxc4 Re8 40. Rxe8 Bxe8 41. Nxa3 f5 42. Nc4 Kf6 43. Kf2 Bc6 44. a3 g5 45. g3 h4 46. Ke3 hxg3 47. hxg3 Ke6 48. Nd2 Bd5 49. Kd4 Kd6 50. Nf1 f4 51. gxf4 gxf4 52. Nd2 f3 53. Ke3 Kc5 54. Nf1 Kb5 55. Nh2 Ka4 56. Kd4 Bc6 57. Ng4 Kxa3 58. Kc5 Kb3 59. Kd4 b5 60. Kd3 b4 61. Kd2 Ka2 62. Nf2 b3 63. Kc3 b2 0-1

[Event "Barcelona Sants op 11th"]
[Site "Barcelona"]
[Date "2009.07.15"]
[Round "3"]
[White "Capellades Subirana, Marc"]
[Black "Rafols Albet, Josep"]
[Result "1-0"]
[WhiteElo "2210"]
[BlackElo "2105"]
[PlyCount "77"]
[EventDate "2009.07.13"]
[EventType "swiss"]
[EventRounds "9"]
[EventCountry "ESP"]
[SourceTitle "CBM 131 Extra"]
[Source "ChessBase"]
[SourceDate "2009.09.03"]
[SourceVersion "2"]
[SourceVersionDate "2009.09.16"]
[SourceQuality "1"]

1. e4 e5 2. Nf3 Nf6 3. Nc3 Bb4 4. d3 Nc6 5. Bd2 d6 6. g3 0-0 7. Bg2 a6 8. 0-0 Bc5 9. Be3 Bxe3 10. fxe3 Ng4 11. Qd2 f5 12. exf5 Bxf5 13. h3 Nh6 14. Rf2 Qd7 15. Kh2 Qf7 16. Nh4 Qh5 17. Bf3 Qg5 18. Bd5+ Kh8 19. Raf1 g6 20. Qe2 Kg7 21. Bg2 Rae8 22. Nd5 e4 23. dxe4 Bg4 24. Qd2 Rxf2 25. Qxf2 Qd8 26. Qf6+ Qxf6 27. Nxf6 Re5 28. Nxg4 Nxg4+ 29. hxg4 Nb4 30. a3 Nxc2 31. Rc1 Rc5 32. Bf3 Nxe3 33. Rxc5 dxc5 34. Be2 b5 35. Kg1 b4 36. axb4 cxb4 37. Kf2 Nc2 38. Bxa6 c5 39. Nf3 1-0

[Event "Barbera del Valles op 32nd"]
[Site "Barbera del Valles"]
[Date "2009.07.12"]
[Round "9"]
[White "Rafols Albet, Josep"]
[Black "Rojas Keim, Luis Alberto"]
[Result "0-1"]
[WhiteElo "2105"]
[BlackElo "2453"]
[PlyCount "78"]
[EventDate "2009.07.04"]
[EventType "swiss"]
[EventRounds "9"]
[EventCountry "ESP"]
[SourceTitle "CBM 131 Extra"]
[Source "ChessBase"]
[SourceDate "2009.09.03"]
[SourceVersion "2"]
[SourceVersionDate "2009.09.16"]
[SourceQuality "1"]

1. b3 Nf6 2. Bb2 e6 3. e3 d5 4. f4 Be7 5. Nf3 0-0 6. Be2 c5 7. 0-0 Nc6 8. Bb5 Qb6 9. Bxc6 Qxc6 10. Ne5 Qe8 11. d3 Nd7 12. Ng4 f6 13. Rf3 b5 14. Nd2 Bb7 15. Rh3 f5 16. Ne5 Bf6 17. Ndf3 Nb6 18. d4 Nd7 19. dxc5 Nxc5 20. Ba3 Rc8 21. Qd4 Be7 22. Bb2 Ne4 23. Nd7 Bf6 24. Nxf6+ gxf6 25. Nd2 e5 26. Qd3 d4 27. exd4 exf4 28. d5 Ng5 29. Kh1 Nxh3 30. gxh3 Rxc2 31. Qxc2 Bxd5+ 32. Nf3 Bxf3+ 33. Kg1 Qe3+ 34. Qf2 Kf7 35. Qxe3 fxe3 36. Bd4 f4 37. Re1 Rg8+ 38. Kf1 Rg2 39. Bxa7 e2+ 0-1

[Event "Barbera del Valles op 32nd"]
[Site "Barbera del Valles"]
[Date "2009.07.04"]
[Round "1"]
[White "Rafols Albet, Josep"]
[Black "Garcia Castro, Pablo"]
[Result "0-1"]
[WhiteElo "2105"]
[BlackElo "2390"]
[PlyCount "44"]
[EventDate "2009.07.04"]
[EventType "swiss"]
[EventRounds "9"]
[EventCountry "ESP"]
[SourceTitle "CBM 131 Extra"]
[Source "ChessBase"]
[SourceDate "2009.09.03"]
[SourceVersion "2"]
[SourceVersionDate "2009.09.16"]
[SourceQuality "1"]

1. b3 e5 2. Bb2 Nc6 3. e3 Nf6 4. Bb5 Bd6 5. Nh3 Ne7 6. 0-0 Ng6 7. f4 c6 8. Be2 exf4 9. exf4 Bc5+ 10. d4 Bb6 11. f5 Ne7 12. c4 d5 13. g4 h5 14. g5 Ne4 15. Bxh5 Bxf5 16. Qf3 Qd7 17. cxd5 cxd5 18. Qe2 g6 19. Nf4 gxh5 20. Nxh5 0-0-0 21. Nf6 Nxf6 22. gxf6 Rdg8+ 0-1

[Event "Vilafranca del Penedes op 3rd"]
[Site "Vilafranca del Penedes"]
[Date "2009.06.05"]
[Round "7.8"]
[White "Romeu de la Cruz, Josep"]
[Black "Rafols Albet, Josep"]
[Result "0-1"]
[WhiteElo "1886"]
[BlackElo "2114"]
[PlyCount "112"]
[EventDate "2009.04.17"]
[EventType "swiss"]
[EventRounds "8"]
[EventCountry "ESP"]
[SourceTitle "EXT 2024"]
[Source "ChessBase"]
[SourceDate "2023.10.10"]
[SourceVersion "1"]
[SourceVersionDate "2023.10.10"]
[SourceQuality "1"]

1. e4 e5 2. Bc4 Nf6 3. d4 exd4 4. Nf3 d5 5. exd5 Bb4+ 6. Bd2 Qe7+ 7. Qe2 Qxe2+ 8. Kxe2 Bxd2 9. Nbxd2 c5 10. dxc6 Nxc6 11. Rhe1 0-0 12. Kf1 Bf5 13. Rac1 Rad8 14. Nh4 Bc8 15. a3 a6 16. Ne4 Ng4 17. Nf3 Nge5 18. Nxe5 Nxe5 19. Ba2 d3 20. Nd2 dxc2 21. Rxc2 Bf5 22. Ne4 Nd3 23. Re3 Nf4 24. Rc1 Rd4 25. f3 Ne6 26. Ng3 Bd3+ 27. Ke1 Nf4 28. Re7 Bg6 29. Rc3 Rfd8 30. Ne4 Nxg2+ 31. Kf2 Nh4 32. Rcc7 Nf5 33. Rxf7 Bxf7 34. Rxf7 Nh6 35. Rxb7+ Kh8 36. Nc5 Nf5 37. Ne4 Nd6 38. Ng5 h6 39. Nf7+ Nxf7 40. Rxf7 Rd2+ 41. Kg3 Rxb2 42. Bc4 Rb6 43. f4 Kh7 44. h4 h5 45. Ra7 Rdd6 46. Ra8 Rbc6 47. Be2 Rc3+ 48. Kf2 Rxa3 49. Bxh5 Rd2+ 50. Be2 Raa2 51. Re8 Kg6 52. h5+ Kf5 53. Rf8+ Ke4 54. Re8+ Kxf4 55. Rf8+ Kg5 56. Re8 Rxe2+ 0-1

[Event "Vilafranca del Penedes op 2nd"]
[Site "Vilafranca del Penedes"]
[Date "2008.05.23"]
[Round "6.5"]
[White "Alonso Perez, Luis"]
[Black "Rafols Albet, Josep"]
[Result "0-1"]
[WhiteElo "1949"]
[BlackElo "2143"]
[PlyCount "88"]
[EventDate "2008.04.11"]
[EventType "swiss"]
[EventRounds "8"]
[EventCountry "ESP"]
[SourceTitle "EXT 2024"]
[Source "ChessBase"]
[SourceDate "2023.10.10"]
[SourceVersion "1"]
[SourceVersionDate "2023.10.10"]
[SourceQuality "1"]

1. c4 e5 2. Nc3 f5 3. e3 Nf6 4. Nf3 d6 5. d4 e4 6. Ng5 Be7 7. Nh3 0-0 8. Nf4 Kh8 9. h4 c6 10. h5 Ng4 11. Bd2 Na6 12. a3 Nc7 13. Qb3 Bh4 14. g3 Bg5 15. Nce2 Ne6 16. Bg2 a5 17. a4 Re8 18. f3 exf3 19. Bxf3 Nf6 20. 0-0-0 Qc7 21. Qc2 Bh6 22. Nxe6 Bxe6 23. Rde1 Rac8 24. Qc3 Qf7 25. b3 b5 26. Nf4 Bd7 27. c5 Bxf4 28. gxf4 bxa4 29. bxa4 Qa2 30. Kd1 Rb8 31. Ke2 Rb3 32. Ra1 Rxe3+ 33. Qxe3 Rxe3+ 34. Kxe3 Qb3+ 35. Kf2 dxc5 36. dxc5 Qc2 37. Ke2 Qc4+ 38. Kf2 Qxc5+ 39. Kg3 Ne4+ 40. Bxe4 fxe4 41. Rad1 Qa3+ 42. Kh4 Qf3 43. Rdg1 e3 44. Bc3 Qxf4+ 0-1

[Event "Catalunya-ch"]
[Site "Barcelona"]
[Date "2007.04.09"]
[Round "9"]
[White "Walter Travella, German"]
[Black "Rafols Albet, Josep"]
[Result "0-1"]
[WhiteElo "2042"]
[BlackElo "2093"]
[PlyCount "58"]
[EventDate "2007.04.01"]
[EventType "swiss"]
[EventRounds "9"]
[EventCountry "ESP"]
[SourceTitle "CBM 117 Extra"]
[Source "ChessBase"]
[SourceDate "2007.05.09"]
[SourceVersion "1"]
[SourceVersionDate "2007.05.09"]
[SourceQuality "1"]

1. c4 e5 2. Nc3 d6 3. Nf3 f5 4. e4 Nf6 5. d3 Be7 6. c5 0-0 7. Qb3+ Kh8 8. exf5 Bxf5 9. Qxb7 Nbd7 10. Be3 Rb8 11. Qxa7 Rxb2 12. Qa3 Qb8 13. c6 Nc5 14. Nxe5 Ng4 15. Nxg4 Bxg4 16. d4 Ne6 17. Be2 Bxe2 18. Nxe2 Bg5 19. Qd3 Qb4+ 20. Kf1 Bxe3 21. Qxe3 Qc4 22. Re1 Nxd4 23. Qe7 Kg8 24. h4 Nxe2 25. Qxe2 Rxe2 26. Rxe2 Qxc6 27. Rh3 Qc1+ 28. Re1 Qb2 29. Re2 Qb1+ 0-1